World Assembly of Muslim Youth

Bibliographic Details
Corporate Author: World Assembly of Muslim Youth (W.A.M.Y.)
Format: Book
Language:English
Published: Al-Riyadh, Saudi Arabia : World Assembly of Muslim Youth : 1972

MARC

LEADER 00000cam a2200000 7i4500
001 0000000782
005 20240919.0
008 240919 su eng
040 |a INS   |b eng   |e rda 
090 0 0 |a DS523   |b W89 1972 
245 0 0 |a World Assembly of Muslim Youth 
264 1 |a Al-Riyadh, Saudi Arabia :   |b World Assembly of Muslim Youth :   |b 1972 
300 |a 25 pages ;   |c 21 cm. 
336 |a text  |2 rdacontent 
337 |a unmediated  |2 rdamedia 
338 |a volume  |2 rdacarrier 
710 2 |a World Assembly of Muslim Youth (W.A.M.Y.) 
999 |a 0000001011   |b BOOK   |c Open Shelf   |e Default branch